Návrh revitalizácie Ovsištského ramena na Dunaji a priľahlého územia.

Na minha lista:
Detalhes bibliográficos
Autor principal: Hnitka, Jozef (Author)
Outros Autores: Škrinár, Andrej (Thesis advisor)
Formato: Manuscrito Livro
Idioma:eslovaco
Publicado em: 2017
Assuntos:
Acesso em linha:http://is.stuba.sk/zp/portal_zp.pl?podrobnosti=117347
https://opac.crzp.sk/?fn=detailBiblioForm&sid=DF521320909666631A7DE3F290DD
Tags: Adicionar Tag
Sem tags, seja o primeiro a adicionar uma tag!

MARC

LEADER 00000ntm a22000003a 4500
001 stuzp61128
003 SK-STU
005 20230531094856.4
007 ta
008 150427s2015----xo-----f-mn---000-0-slo-d
040 |a STU  |b slo 
041 0 |a slo 
100 1 |a Hnitka, Jozef  |u 010160  |4 aut  |U SvF Stavebná fakulta  |T SvF Katedra vodného hospodárstva krajiny  |X 75929  |U V160  |Y 16  |7 75929 
242 0 1 |a Design of restoration of the "Ovsišťské" branch on the Danube River  |y eng 
245 1 0 |a Návrh revitalizácie Ovsištského ramena na Dunaji a priľahlého územia. 
260 |c 2017 
650 4 |a Revitalizácia územia  |2 slo 
650 4 |a stabilita brehov  |2 slo 
650 4 |a koryto  |2 slo 
650 4 |a krajinársky návrh  |2 slo 
650 4 |a Restoration of the area  |2 eng 
650 4 |a landscape design  |2 eng 
650 4 |a Stability of the river bank  |2 eng 
650 4 |a Riverbed  |2 eng 
700 1 |a Škrinár, Andrej  |u 010160  |k Z2  |4 ths  |U SvF Stavebná fakulta  |T SvF Katedra vodného hospodárstva krajiny  |X 635  |U V160  |Y 16  |7 A000000635 
856 4 |u http://is.stuba.sk/zp/portal_zp.pl?podrobnosti=117347 
856 4 |u https://opac.crzp.sk/?fn=detailBiblioForm&sid=DF521320909666631A7DE3F290DD